| Tag |
First Indicator |
Second Indicator |
Subfields |
| LEADER |
00000cam a2200000 a 4500 |
| 001 |
in00000000064 |
| 005 |
20150929200009.0 |
| 008 |
980803s1998 dcua c f000 0 eng c |
| 035 |
|
|
|a (OCoLC)ocm40252092
|
| 035 |
|
|
|9 AHS6440AM
|
| 040 |
|
|
|a YPM
|c YPM
|d GPO
|d MvI
|d UtOrBLW
|
| 042 |
|
|
|a pcc
|
| 043 |
|
|
|a n-us---
|
| 049 |
|
|
|a UDOC
|
| 074 |
|
|
|a 0431-I-01
|
| 086 |
0 |
|
|a EP 1.2:T 61
|
| 088 |
|
|
|a EPA 430-B-98-001
|
| 245 |
0 |
0 |
|a Building tools :
|b Energy Star Buildings and Green Lights : catalog of products and services, 1998.
|
| 246 |
3 |
0 |
|a Energy Star Buildings and Green Lights
|
| 246 |
3 |
0 |
|a Catalog of products and services, 1998
|
| 264 |
|
1 |
|a Washington, DC :
|b U.S. Environmental Protection Agency, Air and Radiation,
|c [1998]
|
| 300 |
|
|
|a 26 pages :
|b illustrations ;
|c 28 cm.
|
| 336 |
|
|
|a text
|b txt
|2 rdacontent
|
| 337 |
|
|
|a unmediated
|b n
|2 rdamedia
|
| 338 |
|
|
|a volume
|b nc
|2 rdacarrier
|
| 500 |
|
|
|a Cover title.
|
| 500 |
|
|
|a Shipping list number: 98-0309-P.
|
| 500 |
|
|
|a "June 1998."
|
| 500 |
|
|
|a "EPA 430-B-98-001"
|
| 500 |
|
|
|a Shipping List Date: 07/24/98
|
| 650 |
|
0 |
|a Buildings
|x Energy conservation
|z United States
|v Catalogs.
|
| 650 |
|
0 |
|a Electric power
|x Conservation
|z United States
|v Catalogs.
|
| 710 |
1 |
|
|a United States.
|b Environmental Protection Agency.
|b Office of Air and Radiation.
|
| 999 |
|
|
|a MARS
|
| 999 |
f |
f |
|s 6ff0aac9-da2f-308d-82cd-06cd022f2fa9
|i 2613bb7e-04cd-33e4-8446-9abb3e4f4ba8
|t 0
|
| 952 |
f |
f |
|p normal
|a Texas A&M University
|b College Station
|c Sterling C. Evans Library
|d Evans: US Documents (Annex 5th floor)
|t 0
|e EP 1.2:T 61
|h Superintendent of Documents classification
|i unmediated -- volume
|m A14822849710
|
| 998 |
f |
f |
|a EP 1.2:T 61
|t 0
|l Evans: US Documents (Annex 5th floor)
|